00469cam a22001457a 4500008004000000020001600040082001500056100002000071245004200091260002500133300001500158650004500173999001900218952008600237180718b1969 xxu||||| |||| 00| 0 eng d a273 40393 1 aB5x42 R928 aRust, W. Bonney aPattern governmentcby W. Bonney Rust aLondonbPitmanc1969 axvi, 319 p aGreat Britain --Politics and government. c421898d421898 00104070aIIPAbIIPAd2009-08-10oB5x42 R928p44573r2018-07-21w2018-07-21yBK